Rozvoj tvorivosti v personálnom manažmente

Základné prístupy riešenia problémov v oblasti personálneho manažmentu firiem a korporácií. Členenie metód tvorivého riešenia problémov. Exaktné, heuristické, intuitívne a kombinované metódy. Praktické príklady.

Salvato in:
Dettagli Bibliografici
Autore principale: Lipták, František
Natura: Capitolo di libro
Lingua:slovacco
Soggetti:
Tags: Aggiungi Tag
Nessun Tag, puoi essere il primo ad aggiungerne!!

MARC

LEADER 00000naa a2200000 4500
001 r038340
005 20231003081014.1
041 0 |a slo 
044 |a SK 
245 1 0 |a Rozvoj tvorivosti v personálnom manažmente  |c František Lipták 
520 |a Základné prístupy riešenia problémov v oblasti personálneho manažmentu firiem a korporácií. Členenie metód tvorivého riešenia problémov. Exaktné, heuristické, intuitívne a kombinované metódy. Praktické príklady. 
610 2 0 |a manažment personálny 
610 2 0 |a firmy 
610 2 0 |a korporácie 
610 2 0 |a personalistika 
610 2 0 |a metódy heuristické 
610 2 0 |a stratégia marketingová 
610 2 0 |a vzdelávanie ďalšie 
610 2 0 |a zdroje ľudské 
610 2 0 |a asertivita 
100 1 |a Lipták, František